Using wordperfect for windows

Bibliographic Details
Format: Book
Published: Indiana : Que Corporation , 1991
Edition:Special edition
Subjects:

MARC

LEADER 00000cam a2200000 7i4500
001 0000000344
002 000000420
005 20000330.0
020 |a 0880225564 
090 0 0 |a 652.5   |b USI 
245 0 0 |a Using wordperfect for windows   |c Que Development Group 
250 |a Special edition 
260 |a Indiana :   |b Que Corporation ,   |c 1991 
300 |a 1184p ;   |c 23cm. 
650 0 0 |a Word processing 
650 0 0 |a WordPerfect (Computer program) 
999 |a 028483   |b BUKU   |c PINJAMAN   |e PERPUSTAKAAN KOMUNITI PETALING JAYA 
999 |a 029604   |b BUKU   |c PINJAMAN   |e PERPUSTAKAAN KOMUNITI PETALING JAYA